000 00754nam a2200205Ii 4500
003 JO-AjNU
008 230605s9999||||xx |||||||||||||| ||und||
017 _a1998/10/1616
040 _aJO-AjNU
_bara
_erda
_cJO-AjNU
041 _aara
050 1 4 _aPJ6119 K42.1998
100 3 _aتأليف عبد الهادي، خير الدين,
_eauthor
_945630
245 0 0 _a سلسلة جامعة آل البيت لتعليم اللغة العربية لغير الناطقين بها
264 3 1 _aعمان: جامعة آل البيت، 2008
300 _aج5، 239ص
336 _atext
_btxt
_2rdacontent
337 _aunmediated
_bn
_2rdamedia
338 _avolume
_bnc
_2rdacarrier
650 4 _aاللغة العربية -- دراسة وتعليم 
_945631
999 _aA19794
_c23362
_d23362